Estudio de las aguas minerales de la Provincia de Neuquén -Republica Argentina / (Registro nro. 856)

Detalles MARC
000 -LEADER
fixed length control field 00800nam a2200205 a 4500
008 - CAMPO DE CONTROL (LIBRO)
fixed length control field 110701s2010 sp il. f |||| 00| 0 spa d
041 ## - CODIGO DE IDIOMA
Código de idioma del texto/pista de sonido o título separado spa
092 ## - SIGNATURA TOPOGRAFICA DEWEY LOCAL
número de clasificación 2308
libristica 53
sección MON
100 1# - ENTRADA PRINCIPAL--NOMBRE PERSONAL
Nombre personal Monasterio, Ana María
9 (RLIN) 76
245 ## - TITULO PROPIAMENTE DICHO
Título Estudio de las aguas minerales de la Provincia de Neuquén -Republica Argentina /
Mención de responsabilidad y remanente de la transcripción de la portada Ana María Monasterio
250 ## - MENCION DE EDICION
Mención de edición 1a ed.
260 ## - PIE DE IMPRENTA
Lugar de publicación, distribución, etc Madrid:
Nombre de la editorial, distribuidor, etc Universidad Complutense de Madrid;
Fecha de publicación 2010.
300 ## - DESCRIPCION FISICA
Extension 233 p.
500 ## - NOTA GENERAL
Nota general Monasterio, A. M. (2010). Estudio de las aguas minerales de la provincia de Neuquén, República Argentina. (1a ed.). Madrid ; Universidad Complutense de Madrid.<br/>
590 ## - NOTAS LOCALES (RLIN)
Nota local Donación Ana Monasterio, Mayo 2011
651 ## - MATERIA - NOMBRE GEOGRÁFICO
Término geográfico Neuquén ; República Argentina
9 (RLIN) 77
653 ## - TÉRMINO INDIZADO - PALABRAS CLAVES
Palabra clave Balnoterapía
653 ## - TÉRMINO INDIZADO - PALABRAS CLAVES
Palabra clave Aguas termales
942 ## - ADDED ENTRY ELEMENTS (KOHA)
Source of classification or shelving scheme Dewey Decimal Classification
Item type Libros
Existencias
Estado de retiro Existencia Fuente de clasificación Estado general No para prestamo Ubicación permanente ubicación actual Sala de ubicación Fecha de adquisición Total Checkouts Número de clasificación Código de barras Date last seen Número de ejemplar Price effective from Koha tipo de elemento (item)
    Dewey Decimal Classification     Biblioteca Medicina Biblioteca Medicina Referencia 01/07/2011   615.8 53 MON 2308 06/11/2014 ej.1 01/07/2011 Libros

UNIVERSIDAD NACIONAL DEL COMAHUE
Biblioteca de la Facultad de Ciencias Médicas
Sede Toschi: Los Arrayanes y Av. Toschi, Cipolletti  - Rio Negro
Sede Los Tordos:  Yrigoyen al 2211, Cipolletti - Rio Negro 

Teléfono: 0299 - 4774707 int 25
Contacto: biblioteca@facimed.uncoma.edu.ar
© 2011 - 2026